000 00689nam a2200169Ia 4500
008 090711s9999 xx 000 0 und d
082 _b35170
100 _aभट महादेव दा.
245 _aस्वामी स्वरु पानंद एक अलौकिक राजयोगी
260 _c1976
300 _a152
600 _aभट महादेव दा.
630 _aस्वामी स्वरु पानंद एक अलौकिक राजयोगी
700 _aभट महादेव दा.
730 _aस्वामी स्वरु पानंद एक अलौकिक राजयोगी
942 _cBOOK
999 _c286616
_d286616